[Event "PER-ch Seniors 50"]
[Site "Lima"]
[Date "2017.11.01"]
[Round "2"]
[White "Beyer Lecaros, Alfredo Jose"]
[Black "Tamayo Valencia, Felix Francisco"]
[Result "1-0"]
[WhiteElo "1826"]
[BlackElo "1796"]
[PlyCount "71"]
[EventDate "2017.11.01"]
[EventType "swiss"]
[EventRounds "7"]
[EventCountry "PER"]
[SourceTitle "EXT 2019"]
[Source "ChessBase"]
[SourceDate "2018.10.10"]
[SourceVersion "1"]
[SourceVersionDate "2018.10.10"]
[SourceQuality "1"]

1. e4 e6 2. d4 d5 3. Nc3 Nf6 4. Bg5 dxe4 5. Nxe4 Be7 6. Bxf6 Bxf6 7. Nf3 0-0 8. Qd2 b6 9. 0-0-0 Bb7 10. Nxf6+ Qxf6 11. Ne5 Rd8 12. Qe3 Nd7 13. Bb5 Nxe5 14. dxe5 Qe7 15. Bd3 Bxg2 16. Rhg1 Bc6 17. Rg3 g6 18. Qh6 Qf8 19. Qg5 Rd7 20. Rh3 Rad8 21. Rg1 Qg7 22. f4 Rf8 23. Qh4 f5 24. b3 a5 25. a4 Rd4 26. Qf2 Rfd8 27. Rhg3 Be8 28. h4 Qe7 29. h5 Bf7 30. hxg6 Bxg6 31. Qh2 Kg7 32. Rxg6+ hxg6 33. Rh1 Rg8 34. Qh6+ Kf7 35. Rg1 Rg7 36. Rg3 1-0

[Event "Lima Surco op 4th"]
[Site "Lima"]
[Date "2017.10.28"]
[Round "4"]
[White "Beyer Lecaros, Alfredo Jose"]
[Black "Calderon Barros, Alfonso Miguel"]
[Result "1-0"]
[WhiteElo "1826"]
[BlackElo "1479"]
[PlyCount "41"]
[EventDate "2017.10.15"]
[EventType "swiss"]
[EventRounds "7"]
[EventCountry "PER"]
[SourceTitle "EXT 2019"]
[Source "ChessBase"]
[SourceDate "2018.10.10"]
[SourceVersion "1"]
[SourceVersionDate "2018.10.10"]
[SourceQuality "1"]

1. e4 e5 2. Nf3 Nc6 3. d4 exd4 4. Bc4 Nf6 5. Ng5 Ne5 6. Bb3 Bb4+ 7. c3 dxc3 8. bxc3 Bc5 9. f4 Neg4 10. Bxf7+ Kf8 11. Ne6+ Kxf7 12. Nxd8+ Rxd8 13. e5 Re8 14. Qb3+ Kf8 15. Ba3 d6 16. Bxc5 dxc5 17. 0-0 Be6 18. c4 Ne4 19. f5 Bd7 20. Qxb7 Ng5 21. e6 1-0

[Event "Lima Surco op 2nd"]
[Site "Lima"]
[Date "2017.07.16"]
[Round "6"]
[White "Beyer Lecaros, Alfredo Jose"]
[Black "Lazaro Cuevas, Ronald Anthony"]
[Result "0-1"]
[WhiteElo "1830"]
[BlackElo "1389"]
[PlyCount "80"]
[EventDate "2017.07.08"]
[EventType "swiss"]
[EventRounds "9"]
[EventCountry "PER"]
[SourceTitle "EXT 2018"]
[Source "ChessBase"]
[SourceDate "2017.10.13"]
[SourceVersion "1"]
[SourceVersionDate "2017.10.13"]
[SourceQuality "1"]

1. e4 c5 2. Nc3 Nc6 3. f4 g6 4. Nf3 Bg7 5. Bb5 Nd4 6. a4 Nxb5 7. axb5 e6 8. 0-0 Ne7 9. Qe1 d5 10. d3 0-0 11. Qh4 Bd7 12. f5 exf5 13. exd5 Nc8 14. Bg5 f6 15. Be3 b6 16. d4 c4 17. Nd2 Nd6 18. Rae1 Qc8 19. Bh6 Bxh6 20. Qxh6 Rf7 21. Qf4 Nxb5 22. Nxb5 Bxb5 23. Rf3 Qd7 24. b3 Qxd5 25. bxc4 Bxc4 26. c3 b5 27. Rfe3 a5 28. Re8+ Rxe8 29. Rxe8+ Kg7 30. Qb8 a4 31. Rg8+ Kh6 32. Qg3 f4 33. Qxf4+ g5 34. Qg4 Qe6 35. Qg3 Re7 36. Nxc4 Qxg8 37. Nd6 Qe6 38. h4 Qe1+ 39. Qxe1 Rxe1+ 40. Kf2 Rc1 0-1

[Event "Lima Palma Memorial 2nd"]
[Site "Lima"]
[Date "2016.09.18"]
[Round "5.4"]
[White "Revolledo, Cesar"]
[Black "Beyer Lecaros, Alfredo Jose"]
[Result "0-1"]
[WhiteElo "1749"]
[BlackElo "1782"]
[PlyCount "96"]
[EventDate "2016.09.09"]
[EventType "swiss"]
[EventRounds "7"]
[EventCountry "PER"]
[SourceTitle "EXT 2024"]
[Source "ChessBase"]
[SourceDate "2023.10.10"]
[SourceVersion "1"]
[SourceVersionDate "2023.10.10"]
[SourceQuality "1"]

1. e4 Nc6 2. d4 e5 3. Nf3 exd4 4. Nxd4 Bc5 5. Nxc6 Qf6 6. Qf3 Qxf3 7. gxf3 bxc6 8. Be3 Bb6 9. Nd2 Ne7 10. Nc4 d6 11. Nxb6 axb6 12. a3 c5 13. 0-0-0 Be6 14. f4 g6 15. h4 Bg4 16. Re1 Kd8 17. Be2 Bxe2 18. Rxe2 Ra4 19. Bd2 h5 20. Bc3 Re8 21. Rd1 Nf5 22. f3 Kd7 23. Rh2 Ne7 24. Bd2 Kc6 25. Kb1 d5 26. Re1 d4 27. Rg2 Raa8 28. Bc1 Nf5 29. Rh1 Nd6 30. Rg5 Rh8 31. Rd1 Rag8 32. Rdg1 Re8 33. Rd1 Ra8 34. f5 gxf5 35. e5 f6 36. exf6 Rh6 37. Bf4 Rf8 38. Bxd6 cxd6 39. Rxf5 Rfxf6 40. Rg5 Rxf3 41. Rh1 Rf2 42. b3 Re6 43. Rxh5 Ree2 44. Rc1 d3 45. Rg5 d2 46. Rd1 Re1 47. Rg1 Rxg1 48. Rxg1 Re2 0-1

[Event "PER-ch"]
[Site "Lima"]
[Date "2015.05.01"]
[Round "3"]
[White "Lopez, Dante"]
[Black "Beyer Lecaros, Alfredo Jose"]
[Result "0-1"]
[WhiteElo "2162"]
[BlackElo "1760"]
[PlyCount "68"]
[EventDate "2015.04.30"]
[EventType "swiss"]
[EventRounds "8"]
[EventCountry "PER"]
[SourceTitle "CBM 166 Extra"]
[Source "ChessBase"]
[SourceDate "2015.06.18"]
[SourceVersion "1"]
[SourceVersionDate "2015.06.18"]
[SourceQuality "1"]

1. e4 c5 2. Nf3 e6 3. d4 cxd4 4. Nxd4 a6 5. c4 Nf6 6. Nc3 Qc7 7. a3 b6 8. Be2 Bb7 9. f3 d6 10. Be3 Nbd7 11. 0-0 g6 12. Qd2 Bg7 13. Rac1 0-0 14. b4 Rac8 15. Na4 Rfe8 16. Nb3 Bf8 17. Rfd1 Qb8 18. Bf1 Bc6 19. Nb2 Bb7 20. Qf2 d5 21. exd5 exd5 22. Bxb6 Bd6 23. g3 Nxb6 24. Qxb6 Bxg3 25. Rc2 Re6 26. Qd4 Be5 27. Qf2 Bf4 28. Kh1 dxc4 29. Nxc4 Ng4 30. Qg2 Nxh2 31. Nd4 Rd8 32. Rf2 Bg3 33. Na5 Bxf2 34. Nxb7 Rxd4 0-1